| 000 | 00350nam a2200133Ia 4500 | ||
|---|---|---|---|
| 008 | 231030s9999 xx 000 0 und d | ||
| 020 | _a9.7893505906e+12 | ||
| 082 |
_a370 _bNAT-M |
||
| 100 | _aNATARAJAN.R | ||
| 245 | 0 | _aMULTIPLE STAKEHOLDER PERSPECTIVES OF HIGHER EDUCATION | |
| 260 |
_aNOIDA COMPUS _bINDIAN SOCIETY |
||
| 300 | _a429 | ||
| 942 | _cDB | ||
| 999 |
_c42164 _d42164 |
||